Princíp demokratickej podmienenosti členstva a jeho uplatňovanie a sankcionovanie v EÚ (k 20. výročiu vstupu Slovenskej republiky do Európskej únie)
Demokracia v zakladajúcich aktoch medzinárodných organizácií ako podmienka ich členstva. EÚ a podmienky k jej pristúpeniu pre členské štáty SVE. Klauzuly o ľudských práv v zmluvách EÚ s tretími štátmi a medzinárodnými organizáciami. Sankcie v prípadoch porušenia základných demokratických pravidiel č...
Uložené v:
| Hlavný autor: | |
|---|---|
| Médium: | Kapitola |
| Jazyk: | Slovak |
| Predmet: | |
| Tagy: |
Žiadne tagy, Buďte prvý, kto otaguje tento záznam!
|
MARC
| LEADER | 00000naa a2200000 4500 | ||
|---|---|---|---|
| 001 | 0306873 | ||
| 005 | 20250206125916.0 | ||
| 041 | 0 | |a slo | |
| 044 | |a SK | ||
| 245 | 1 | 0 | |a Princíp demokratickej podmienenosti členstva a jeho uplatňovanie a sankcionovanie v EÚ (k 20. výročiu vstupu Slovenskej republiky do Európskej únie) |c Ján Klučka |
| 520 | |a Demokracia v zakladajúcich aktoch medzinárodných organizácií ako podmienka ich členstva. EÚ a podmienky k jej pristúpeniu pre členské štáty SVE. Klauzuly o ľudských práv v zmluvách EÚ s tretími štátmi a medzinárodnými organizáciami. Sankcie v prípadoch porušenia základných demokratických pravidiel členskými štátmi. Klady a zápory sankcií. Všeobecný režim podmienenosti na ochranu rozpočtu Únie. | ||
| 610 | 2 | 0 | |a demokracia |
| 610 | 2 | 0 | |a sankcie |
| 610 | 2 | 0 | |a spolupráca medzinárodná |
| 610 | 2 | 0 | |a organizácie ekonomické medzinárodné |
| 610 | 2 | 0 | |a integrácia ekonomická medzinárodná |
| 610 | 2 | 0 | |a práva ľudské |
| 610 | 2 | 0 | |a Slovensko |
| 610 | 2 | 0 | |a Európska únia |
| 100 | 1 | |a Klučka, Ján | |